Ensayo sobre la ceguera / (Registro nro. 7307)

Detalles MARC
000 -LEADER
fixed length control field 00886nam a22002537a 4500
003 - CONTROL NUMBER IDENTIFIER
control field OSt
005 - DATE AND TIME OF LATEST TRANSACTION
control field 20210224100259.0
008 - FIXED-LENGTH DATA ELEMENTS--GENERAL INFORMATION
fixed length control field 210224s ck |||gr|||| 00| 0 spa d
020 ## - INTERNATIONAL STANDARD BOOK NUMBER
International Standard Book Number 9789587049978
040 ## - CATALOGING SOURCE
Original cataloging agency CO-JMCR
Transcribing agency CO-JMCR
041 1# - LANGUAGE CODE
Language code of text/sound track or separate title spa
Language code of original por
082 04 - DEWEY DECIMAL CLASSIFICATION NUMBER
Classification number N /
Item number SARe
Edition number 23
100 1# - MAIN ENTRY--PERSONAL NAME
Personal name Saramago, José,
Relator term autor
9 (RLIN) 3095
245 10 - TITLE STATEMENT
Title Ensayo sobre la ceguera /
Statement of responsibility, etc. José Saramago ; taducción, Basiio Losada
260 ## - PUBLICATION, DISTRIBUTION, ETC.
Place of publication, distribution, etc. Bogotá :
Name of publisher, distributor, etc. Alfaguara,
Date of publication, distribution, etc. 2010
300 ## - PHYSICAL DESCRIPTION
Extent 409 páginas ;
Dimensions 21 cm.
520 0# - SUMMARY, ETC.
Summary, etc. Magistralmente ejecutada, en esta novela Saramago traza un poderoso retrato de la sociedad contemporánea.
586 ## - AWARDS NOTE
Awards note Premio Novel de literatura 1998.
650 24 - SUBJECT ADDED ENTRY--TOPICAL TERM
Topical term or geographic name entry element Ceguera en la literatura
9 (RLIN) 13844
650 24 - SUBJECT ADDED ENTRY--TOPICAL TERM
Topical term or geographic name entry element Literatura contemporánea
9 (RLIN) 13845
650 24 - SUBJECT ADDED ENTRY--TOPICAL TERM
Topical term or geographic name entry element Epidemia literatura
9 (RLIN) 13846
700 1# - ADDED ENTRY--PERSONAL NAME
Personal name Losada, Basilio,
Relator term traductor
9 (RLIN) 13847
942 ## - ADDED ENTRY ELEMENTS (KOHA)
Source of classification or shelving scheme Dewey Decimal Classification
Koha item type Books

No hay ítems disponibles.